| 000 | 00776nam a2200205 a 4500 | ||
|---|---|---|---|
| 003 | 0 | ||
| 005 | 20250220123848.0 | ||
| 008 | 111114s19uu xx 00 eng d | ||
| 050 |
_aPGS GV 706.4.S68 _b.J61 2011 |
||
| 100 | _aJin, Kwang Seong (Peter). | ||
| 245 |
_aSports involvement and interpersonal skills of SISC students / _cKwang Seong Jin (Peter). |
||
| 260 |
_aLas PiƱas City, Philippines : _bSouthville International School and Colleges, _c2011. |
||
| 300 |
_a26 pages : _billustrations ; _c28 cm. |
||
| 504 | _aIncludes bibliographical references. | ||
| 650 |
_aSports _vSocial aspects. |
||
| 650 | _aInterpersonal relations in children. | ||
| 650 |
_aTeam sports _vPsychological aspects. |
||
| 650 |
_aSocial skills _vInfluence of sports. |
||
| 942 |
_2lcc _cPASS |
||
| 999 |
_c98672 _d98672 |
||